MARC

LEADER 00000nam0a2200000 4500
001 122123
005 20231101215726.0
020 |a RU  |b 92-2950 
035 |a (RuTPU)RU\TPU\book\132246 
090 |a 122123 
100 |a 20070926d1991 m a0rusy5003 ca 
101 0 |a rus 
102 |a RU 
105 |a y j 001zy 
200 1 |a Химическая кинетика с применением ЭВМ  |e учебное пособие  |f В. И. Глазов, В. В. Ревебцов  |g Волгоградский политехнический институт 
210 |a Волгоград  |c ВПИ  |d 1991 
215 |a 111 с.  |c граф. 
320 |a Литература: с. 112. 
610 1 |a химическая кинетика 
610 1 |a применение 
610 1 |a ЭВМ 
610 1 |a определение 
610 1 |a односторонние реакции 
610 1 |a сложные реакции 
610 1 |a теоретические основы 
610 1 |a цепные реакции 
610 1 |a фотохимические реакции 
610 1 |a катализ 
610 1 |a расчет 
610 1 |a учебные пособия 
675 |a 544.42(075.8)  |v 3 
700 1 |a Глазов  |b В. И.  |g Виталий Иванович 
701 1 |a Ревебцов  |b В. В.  |g Валерий Васильевич 
712 0 2 |a Волгоградский политехнический институт  |2 stltpush  |3 (RuTPU)RU\TPU\col\4581  |9 23999 
801 0 |a RU  |b RuMRKP  |c 19950417  |g psbo 
801 1 |a RU  |b 63413507  |c 20070926  |g PSBO 
801 2 |a RU  |b 63413507  |c 20130802  |g PSBO 
942 |c BK